Analýza koncepcie kinematiky pracovného zariadenia multifunkčného mobilného pracovného stroja

Na minha lista:
Detalhes bibliográficos
Autor principal: Letko, Jakub (Author)
Outros Autores: Mazurkievič, Izidor (Thesis advisor)
Formato: Manuscrito Livro
Idioma:eslovaco
Publicado em: 2019
Assuntos:
Acesso em linha:http://is.stuba.sk/zp/portal_zp.pl?podrobnosti=153454
Tags: Adicionar Tag
Sem tags, seja o primeiro a adicionar uma tag!

MARC

LEADER 00000ntm a22000003a 4500
001 stuzp75284
003 SK-STU
005 20190608213430.5
007 ta
008 150427s2015----xo-----f-mn---000-0-slo-d
040 |a STU  |b slo 
041 0 |a slo 
100 1 |a Letko, Jakub  |u 020030  |4 aut  |U SjF Strojnícka fakulta  |T SjF Ústav dopravnej techniky a konštruovania  |X 81397  |U J0030  |Y 806  |7 81397 
242 0 1 |a Analysis of kinematics concept of multifunctional mobile machine working equipment  |y eng 
245 1 0 |a Analýza koncepcie kinematiky pracovného zariadenia multifunkčného mobilného pracovného stroja 
260 |c 2019 
650 4 |a nadstavba  |2 slo 
650 4 |a kinematika  |2 slo 
650 4 |a rýpanie  |2 slo 
650 4 |a výložník  |2 slo 
650 4 |a mechanizmus  |2 slo 
650 4 |a rýpadlo  |2 slo 
650 4 |a excavator  |2 eng 
650 4 |a boom  |2 eng 
650 4 |a superstructure  |2 eng 
650 4 |a mechanism  |2 eng 
650 4 |a kinematics  |2 eng 
650 4 |a digging  |2 eng 
700 1 |a Mazurkievič, Izidor  |u 020030  |k Z8  |4 ths  |U SjF Strojnícka fakulta  |T SjF Ústav dopravnej techniky a konštruovania  |X 3513  |U J0030  |Y 806  |7 A000003513 
856 4 |u http://is.stuba.sk/zp/portal_zp.pl?podrobnosti=153454 
996 |b 284J045916  |c J* 3026/DBP  |l JJSK  |s A  |a 24  |w stuzp75284_0001